Место конфликта в теории античного символизма; Актуальные проблемы гуманитарных наук

Bibliografiske detaljer
Parent link:Актуальные проблемы гуманитарных наук.— 2010.— С. 413-416
Hovedforfatter: Штанько М. А. Марина Александровна
Sprog:russisk
Udgivet: 2010
Fag:
Format: MixedMaterials Book Chapter
KOHA link:https://koha.lib.tpu.ru/cgi-bin/koha/opac-detail.pl?biblionumber=193812

MARC

LEADER 00000naa2a2200000 4500
001 193812
005 20231031182038.0
035 |a (RuTPU)RU\TPU\book\211360 
090 |a 193812 
100 |a 20110329d2010 k y0rusy50 ca 
101 0 |a rus 
102 |a RU 
200 1 |a Место конфликта в теории античного символизма  |f М. А. Штанько 
320 |a Библиогр.: 5 назв. 
463 0 |0 (RuTPU)RU\TPU\book\205127  |y 978-5-98298-643-6  |t Актуальные проблемы гуманитарных наук  |o сборник трудов IX Международной научно-практической конференции студентов, аспирантов и молодых ученых, 22-23 апреля 2010 г., Томск  |f Национальный исследовательский Томский политехнический университет (ТПУ)  |v С. 413-416  |d 2010  |p 564 с. 
610 1 |a античность 
610 1 |a символизм 
610 1 |a конфликты 
610 1 |a мифологическое сознание 
610 1 |a труды учёных ТПУ 
700 1 |a Штанько  |b М. А.  |c философ  |c доцент Томского политехнического университета, кандидат философских наук  |f 1976-  |g Марина Александровна  |2 stltpush  |3 (RuTPU)RU\TPU\pers\25569 
801 1 |a RU  |b 63413507  |c 20110329 
801 2 |a RU  |b 63413507  |c 20150319  |g RCR 
942 |c BK